000 00288nam a22001337a 4500
003 SGT
020 _a978-93-82616-97-9
082 _a954.04
_bGUH
100 _aGUHA, RAMACHANDRA
245 _aINDIA AFTER GANDHI
260 _aINDIA
_bPICADOR
_c2017
300 _a919
942 _2ddc
_cBK
_02
999 _c22110
_d22110